000 01195nam a2200289Ia 4500
003 OSt
005 20221007123431.0
006 a|||||r|||| 00| 0
007 ta
008 221006b |||||||| |||| 00| 0 eng d
020 _a0074622455 (pbk)
_cRs.275.00
024 _a11069
037 _bN R,
_cTextual
040 _aPAPL
_cPAPL
_beng
041 _2eng
_aeng
082 _aD65,2, L2;N1;2
100 _aMillman Jacob
_9423112
245 0 _aIntegrated electronics: analog and digital circuits and systems Jacob Millman and Christos C Halkias
_b Halkias Christos C
260 _aNew
_bDelhi Tata McGraw-Hill Publishing Company Limited
_c1991
300 _axv, 910p
_ccm.
500 _a (Reprinted in 2003); ; Inlcudes bibliographical references; Appendix A-C, 763-897p; Index 898-910p; ^n23/CSL/CARPA/2003-2004/984^d2003-11-10^mPurchase; ; 2003-04/536^b2003-12-03^c106/03^d2003-11-24^eRs.4,321.00^fN R Book Distributors; ; 2003-12-25^bSB^c2003-12-25^Vinay
650 _a Circuits
_9473600
650 _aElectronics
700 _a Halkias Christos C
942 _hD65,2, L2;N1;2
_cTEXL
_2CC
999 _c1211878
_d1211878